[Event "Let's Play Chess!"]
[Site "http://www.queenalice.com/game.php?id=270198"]
[Date "2007.9.11"]
[Round "-"]
[White "Rjasinski"]
[Black "tche_elvio"]
[Result "1-0"]
[WhiteElo "1775"]
[BlackElo "1537"]

1. e4 e5 2. Nf3 Nc6 3. Bb5 a6 4. Ba4 Nf6 5. O-O Nxe4 6. d4 exd4 7. Re1 d5 8. Bg5
Be7 9. Bxe7 Qxe7 10. c4 dxc4 11. Bxc6+ bxc6 12. Qxd4 Qd6 13. Rxe4+ Be6 14. Qxg7
O-O-O 15. Qc3 Bd5 16. Rd4 c5 17. Rd2 h6 18. Na3 Qg6 19. Rxd5 Rhg8 20. Rxd8+ Kxd8
21. Rd1+ Kc8 22. g3 f6 23. Nxc4 h5 24. Nh4 Qf7 25. Rd6 Rd8 26. Rxa6 Qd5 27. Qxf6
Qd1+ 28. Kg2 Qd5+ 29. Nf3 Qxc4 30. Ra8+ Kd7 31. Rxd8# 1-0

[Event "Challenge"]
[Site "http://www.queenalice.com/game.php?id=270545"]
[Date "2007.9.12"]
[Round "-"]
[White "txukahamae"]
[Black "Rjasinski"]
[Result "1/2-1/2"]
[WhiteElo "1759"]
[BlackElo "1627"]

1. d4 Nf6 2. c4 g6 3. Nf3 Bg7 4. g3 O-O 5. Bg2 d6 6. Nc3 Nc6 7. O-O Bf5 8. d5
Ne5 9. Nxe5 dxe5 10. Qb3 Rb8 11. e4 Bc8 12. f4 exf4 13. Bxf4 e5 14. Bxe5 Nh5 15.
Bxg7 Nxg7 16. Ne2 Bg4 17. Nf4 g5 18. Nd3 Be2 19. Rfe1 Bg4 20. Ne5 Bh5 21. Bf3 f6
22. Bxh5 Nxh5 23. Ng4 Kg7 24. e5 f5 25. e6 Re8 26. Qc3+ Nf6 27. Nxf6 Qxf6 28.
Qxf6+ Kxf6 29. Kg2 g4 30. Re2 h5 31. Rf1 c6 32. Rfe1 cxd5 33. cxd5 Rbd8 34. Rd1
Rd6 35. Red2 Re7 36. Kf2 b6 37. b3 a5 38. a3 b5 39. a4 b4 40. Re2 1/2-1/2

[Event "Alguém?"]
[Site "http://www.queenalice.com/game.php?id=270546"]
[Date "2007.9.12"]
[Round "-"]
[White "spawnwolfwolverine"]
[Black "Rjasinski"]
[Result "1-0"]
[WhiteElo "1601"]
[BlackElo "1798"]

1. d4 d5 2. e3 Nf6 3. Nf3 Bg4 4. Be2 e6 5. O-O Bxf3 6. Bxf3 Qd6 7. b3 Nc6 8. Ba3
Qd7 9. Bxf8 Rxf8 10. Nd2 O-O-O 11. c4 h5 12. Bxh5 Nxh5 13. Qxh5 g6 14. Qg4 Ne7
15. cxd5 Qxd5 16. Nc4 f5 17. Qf4 g5 18. Qe5 Ng6 19. Qxd5 Rxd5 20. Rac1 f4 21. a4
f3 22. g3 g4 23. b4 Ne7 24. Ne5 Rg8 25. Rc5 b6 26. Rxd5 exd5 27. Rc1 Kb7 28. b5
a6 29. bxa6+ Kxa6 30. Rxc7 Nf5 31. h4 Nh6 32. Nd3 Ra8 33. Nb4+ Ka5 34. Nxd5 Ra6
35. Rh7 b5 36. axb5 Rd6 37. b6 Ng8 38. b7 Rd8 39. Rh8 1-0

[Event "champion of xadrez"]
[Site "http://www.queenalice.com/game.php?id=271484"]
[Date "2007.9.14"]
[Round "-"]
[White "Gadou"]
[Black "Rjasinski"]
[Result "0-1"]
[WhiteElo "1480"]
[BlackElo "1500"]

1. e4 c5 2. c3 Nc6 3. Bc4 e6 4. g3 d5 5. exd5 exd5 6. Qe2+ Be7 7. Bd3 c4 8. Bc2
Nf6 9. b3 b5 10. b4 O-O 11. Na3 a6 12. d3 Re8 13. Be3 Bb7 14. dxc4 dxc4 15. Rd1
Qc7 16. Bf5 Nxb4 17. Bf4 Bd6 18. Be3 Bxh1 19. cxb4 Bxb4+ 20. Kf1 Qc6 21. Bh3 Nd5
22. Nc2 Ba5 23. f3 Nc3 24. Nd4 Qb7 25. Qd2 Nxd1 26. Qxd1 Rxe3 27. Bg2 Bxg2+ 28.
Kxg2 Rd3 29. Qa1 Bc3 30. Qc1 Bxd4 31. Qf4 Bxg1 32. Qe4 Qxe4 33. fxe4 Bd4 34. h4
c3 0-1

[Event "Challenge"]
[Site "http://www.queenalice.com/game.php?id=271566"]
[Date "2007.9.14"]
[Round "-"]
[White "Wefferson_Emerich"]
[Black "Rjasinski"]
[Result "0-1"]
[WhiteElo "1346"]
[BlackElo "1700"]

1. e4 c5 2. Qf3 d6 3. Bc4 Nf6 4. Nh3 Bg4 5. Qb3 e6 6. f3 Bxh3 7. gxh3 b6 8. d3
Be7 9. Rg1 O-O 10. Bh6 Nh5 11. Qc3 Bf6 12. Qb3 Nc6 13. c3 Kh8 14. Bb5 Ne5 15.
Ke2 gxh6 16. Nd2 Nf4+ 17. Ke1 Nxh3 18. Rf1 Bh4+ 19. Kd1 Qg5 20. Kc2 a6 21. Bc4
b5 22. Bxb5 axb5 23. Qxb5 Rfb8 24. Qxb8+ Rxb8 25. d4 Rxb2+ 26. Kxb2 Qxd2+ 27.
Kb3 c4+ 28. Kb4 Qb2+ 29. Ka4 Qxc3 30. dxe5 Bd8 31. Kb5 d5 32. exd5 exd5 33. Rfe1
Qa5+ 34. Kc6 Nf4 35. Rab1 Ne6 36. Rf1 Nd4+ 37. Kb7 Qc7+ 38. Ka6 Qc8+ 39. Rb7 c3
40. f4 Qc4+ 41. Ka7 Nc6+ 42. Ka8 Qa6+ 43. Ra7 Qc8# 0-1

[Event "Challenge"]
[Site "http://www.queenalice.com/game.php?id=271612"]
[Date "2007.9.14"]
[Round "-"]
[White "Rjasinski"]
[Black "dante72"]
[Result "1-0"]
[WhiteElo "1692"]
[BlackElo "1903"]

1. e4 e5 2. Nf3 d6 3. Bc4 h6 4. b3 Nf6 5. Nc3 c6 6. Bb2 Be7 7. h3 O-O 8. Qe2 Be6
9. O-O-O a6 10. g4 b5 11. Bxe6 fxe6 12. g5 hxg5 13. Nxg5 Qd7 14. h4 Nh7 15. Qh5
Bxg5 16. hxg5 g6 17. Qxg6+ Kh8 18. Rh6 Qf7 19. Qxf7 Rxf7 20. g6 Rg7 21. Rdh1 Nd7
22. Rxh7+ Rxh7 23. Rxh7+ Kg8 24. Rxd7 d5 25. Re7 d4 26. Ne2 Kf8 27. Rxe6 c5 28.
Rxe5 Rd8 29. Nf4 c4 30. Ne6+ Ke8 31. Nxd8+ Kxd8 32. g7 1-0

[Event "Challenge"]
[Site "http://www.queenalice.com/game.php?id=271614"]
[Date "2007.9.14"]
[Round "-"]
[White "Rutty"]
[Black "Rjasinski"]
[Result "1-0"]
[WhiteElo "1971"]
[BlackElo "1739"]

1. e4 c5 2. Nf3 d6 3. d4 cxd4 4. Nxd4 Nf6 5. Nc3 g6 6. Bc4 Bg7 7. O-O O-O 8. Be3
Nc6 9. Nd5 e6 10. Nxf6+ Qxf6 11. c3 Nxd4 12. Bxd4 Qh4 13. Bxg7 Kxg7 14. Qd4+ e5
15. Qxd6 Qxe4 16. Bd5 Qf4 17. Rae1 Re8 18. Re4 Qg5 19. f4 Qd8 20. Qxd8 Rxd8 21.
Rxe5 f6 22. Re7+ Kh6 23. c4 Rb8 24. Rfe1 Rd7 25. Rxd7 Bxd7 26. Re7 Bc6 27. b3
Rd8 28. Bxc6 bxc6 29. Rxa7 f5 30. Rc7 Rd1+ 31. Kf2 Rd2+ 32. Ke3 Rxg2 33. Rxc6
Rxh2 34. b4 Rxa2 35. b5 Ra3+ 36. Kd4 Ra1 37. b6 Re1 38. b7 Re4+ 39. Kd5 1-0

[Event "Champion"]
[Site "http://www.queenalice.com/game.php?id=273319"]
[Date "2007.9.18"]
[Round "-"]
[White "Rjasinski"]
[Black "Gadou"]
[Result "1-0"]
[WhiteElo "1660"]
[BlackElo "1464"]

1. e4 e5 2. Nf3 Nf6 3. Nxe5 Nxe4 4. Qe2 Qh4 5. d3 Ng3 6. fxg3 Qf6 7. Bf4 d6 8.
Nc3 dxe5 9. Bxe5 Qe6 10. O-O-O Nc6 11. Re1 h5 12. Bxc7 Kd7 13. Qxe6+ fxe6 14.
Bf4 Be7 15. h4 Bd6 16. Ne4 Bxf4+ 17. gxf4 Nd4 18. Nc5+ Ke7 19. c3 Nf5 20. g3
Nxg3 21. Rg1 Nxf1 22. Rexf1 Rg8 23. Rg5 g6 24. Re1 b6 25. Nb3 b5 26. Nc5 a5 27.
d4 Ra7 28. f5 Kf7 29. fxe6+ Ke7 30. d5 b4 31. Nb3 a4 32. Nd4 a3 33. Nc6+ Kd6 34.
Nxa7 Bb7 35. Nb5+ Ke7 36. c4 b3 37. Nc3 axb2+ 38. Kxb2 Bxd5 39. Nxd5+ Kd6 40.
axb3 1-0

[Event "Challenge"]
[Site "http://www.queenalice.com/game.php?id=273433"]
[Date "2007.9.18"]
[Round "-"]
[White "XtremeLM"]
[Black "Rjasinski"]
[Result "1-0"]
[WhiteElo "1726"]
[BlackElo "1705"]

1. c4 e5 2. e4 Nf6 3. d4 c6 4. Nc3 d6 5. Nf3 Bg4 6. Be2 Qb6 7. dxe5 dxe5 8. Nxe5
Bb4 9. Nxg4 Nbd7 10. Be3 Bc5 11. Qb3 O-O 12. Qxb6 Bxb6 13. Nxf6+ Nxf6 14. Bxb6
axb6 15. e5 Nd7 16. f4 f6 17. e6 Nc5 18. f5 g6 19. b4 Na6 20. Rb1 Rfe8 21. Ne4
Kg7 22. g4 1-0

[Event "Challenge"]
[Site "http://www.queenalice.com/game.php?id=273436"]
[Date "2007.9.18"]
[Round "-"]
[White "mustangmike"]
[Black "Rjasinski"]
[Result "0-1"]
[WhiteElo "1692"]
[BlackElo "1656"]

1. e4 c5 2. b3 d6 3. Bc4 Nf6 4. Nc3 g6 5. d3 Bg7 6. Bb2 O-O 7. h3 e6 8. Qe2 a6
9. d4 b5 10. Bd3 cxd4 11. Nb1 e5 12. Nd2 Bb7 13. f3 d5 14. O-O-O dxe4 15. fxe4
b4 16. Nc4 a5 17. Nxe5 Re8 18. Nef3 Nxe4 19. Bxe4 Rxe4 20. Qb5 Bc6 21. Qc5 Ra6
22. Nd2 Re5 23. Qc4 Bxg2 24. Rh2 Rc6 25. Qxd4 Qc7 26. Rxg2 Rxc2+ 27. Kb1 Rxb2+
28. Qxb2 Rc5 29. Qc1 Qe5 30. Nc4 Qa1+ 31. Kc2 Qxa2+ 32. Kd3 Rd5+ 33. Ke4 Qxg2+
34. Nf3 f5+ 35. Kxd5 Qxf3+ 36. Kc5 Qc6# 0-1

[Event "somebody?"]
[Site "http://www.queenalice.com/game.php?id=273832"]
[Date "2007.9.19"]
[Round "-"]
[White "marcohashi"]
[Black "Rjasinski"]
[Result "0-1"]
[WhiteElo "1744"]
[BlackElo "1701"]

1. e4 c5 2. Nf3 Nc6 3. Bb5 a6 4. Bxc6 bxc6 5. Nc3 d6 6. d3 e5 7. Bg5 Be7 8. Qd2
Bg4 9. Bxe7 Qxe7 10. h3 Bxf3 11. gxf3 Nf6 12. O-O-O O-O 13. f4 a5 14. f5 a4 15.
a3 Qb7 16. Na2 Rab8 17. Qc3 d5 18. f3 d4 19. Qc4 Qxb2+ 20. Kd2 Qxa3 21. Ra1 Ra8
22. c3 Qb2+ 23. Ke1 Qxa1+ 24. Kf2 Qxh1 25. cxd4 cxd4 26. Nb4 a3 27. Nxc6 Qh2+
28. Ke1 a2 29. Nxe5 a1=Q+ 30. Qc1 Qxc1# 0-1

[Event "Challenge"]
[Site "http://www.queenalice.com/game.php?id=277091"]
[Date "2007.9.25"]
[Round "-"]
[White "jojo2017"]
[Black "Rjasinski"]
[Result "0-1"]
[WhiteElo "1909"]
[BlackElo "1684"]

1. e4 c5 2. Bc4 e6 3. Nc3 Nc6 4. d3 Nf6 5. Nf3 d5 6. Bb5 d4 7. Bxc6+ bxc6 8. Ne2
h6 9. Ne5 Qa5+ 10. Bd2 Qb6 11. h3 Qxb2 12. Rb1 Qxa2 13. Ra1 Qb2 14. Nc4 Qb8 15.
e5 Nd7 16. Nd6+ Bxd6 17. exd6 Qxd6 18. Bf4 e5 19. Bd2 O-O 20. Ng3 f5 21. Qh5 Nf6
22. Qg6 f4 23. Nh5 Qe7 24. Ra5 Nxh5 25. Qxh5 Rb8 26. O-O Rb2 27. Rc1 Bf5 28. Be1
Rb5 29. Ra6 Qb7 30. Raa1 e4 31. dxe4 Bxe4 32. f3 c4 33. Qh4 Bd5 34. Bd2 Qf7 35.
Ra3 c3 36. Be1 Qg6 37. Kf2 Bc4 0-1

[Event "Challenge"]
[Site "http://www.queenalice.com/game.php?id=277175"]
[Date "2007.9.26"]
[Round "-"]
[White "stress"]
[Black "Rjasinski"]
[Result "1-0"]
[WhiteElo "1870"]
[BlackElo "1764"]

1. e4 c5 2. Nf3 d6 3. Be2 Nf6 4. O-O Nxe4 5. d3 Nf6 6. c3 e5 7. Bg5 Be7 8. Nbd2
b5 9. h3 O-O 10. Nh2 Bb7 11. f4 Nd5 12. Bxe7 Qxe7 13. fxe5 Ne3 14. Qe1 Nxf1 15.
Qxf1 Qxe5 16. Bf3 Qe3+ 17. Qf2 Qxf2+ 18. Kxf2 Bxf3 19. Nhxf3 Nc6 20. Ne4 Rad8
21. a3 h6 22. Rd1 d5 23. Nxc5 d4 24. Nb7 Rd5 25. c4 bxc4 26. dxc4 Rd7 27. Nc5
Rd6 28. Nd3 Re8 29. c5 Rde6 30. b4 Re2+ 31. Kg3 Ra2 32. b5 Na5 33. c6 Rxa3 34.
Nb4 Rb3 35. Rxd4 f6 36. c7 Nb7 37. Nc6 Rxb5 38. Nxa7 Ra5 39. c8=Q Rxc8 40. Nxc8
Kh7 41. Nd6 Nxd6 42. Rxd6 Ra3 43. Kf4 g5+ 44. Kf5 Kg7 45. Rd7+ Kf8 46. Kxf6 Ra6+
47. Kf5 1-0

[Event "Challenge"]
[Site "http://www.queenalice.com/game.php?id=277178"]
[Date "2007.9.26"]
[Round "-"]
[White "AG1"]
[Black "Rjasinski"]
[Result "1-0"]
[WhiteElo "1959"]
[BlackElo "1723"]

1. e4 c5 2. Nf3 d6 3. d4 cxd4 4. Nxd4 Nf6 5. Nc3 g6 6. Be3 Bg7 7. f3 Qb6 8. Bb5+
Nbd7 9. Nf5 Qc7 10. Nxg7+ Kd8 11. Qd2 a6 12. Bxd7 Bxd7 13. O-O-O Rg8 14. Bh6 b5
15. e5 dxe5 16. Nd5 Nxd5 17. Qxd5 Rc8 18. Rd2 e6 19. Bg5+ 1-0

[Event "Challenge"]
[Site "http://www.queenalice.com/game.php?id=277179"]
[Date "2007.9.26"]
[Round "-"]
[White "REUSKING"]
[Black "Rjasinski"]
[Result "1-0"]
[WhiteElo "1942"]
[BlackElo "1667"]

1. e4 c5 2. Nf3 d6 3. d4 cxd4 4. Nxd4 Nf6 5. Nc3 g6 6. Be2 Bg7 7. O-O O-O 8. Be3
Nc6 9. Nb3 Be6 10. f4 Qc8 11. Bf3 Bg4 12. h3 Bxh3 13. gxh3 Qxh3 14. Qe2 Nb4 15.
a3 Qg3+ 16. Bg2 Ng4 17. Rf3 Qh2+ 18. Kf1 Nxe3+ 19. Rxe3 Nc6 20. Rd1 Qxf4+ 21.
Qf3 Qxf3+ 22. Bxf3 Ne5 23. Nd2 f5 24. exf5 Rxf5 25. Nd5 Kf7 26. Ke2 Nc6 27. c3
e6 28. Nc7 Rc8 29. Nb5 Rxb5 30. Nc4 Nd4+ 31. Kd3 Nf5 32. Re2 d5 33. Ne3 b6 34.
Nxf5 gxf5 35. Bh5+ Ke7 36. Rg1 Bf6 37. Rge1 Rc6 38. Kc2 a5 39. Bf3 Bh4 40. Rh1
Rc4 41. Reh2 Bg3 42. Rxh7+ Kd6 43. Be2 f4 44. Rd1 Ke5 45. Bxc4 dxc4 46. Rh5+ 1-0

[Event "Challenge"]
[Site "http://www.queenalice.com/game.php?id=277180"]
[Date "2007.9.26"]
[Round "-"]
[White "RIVAS"]
[Black "Rjasinski"]
[Result "1-0"]
[WhiteElo "1902"]
[BlackElo "1702"]

1. e4 c5 2. Nf3 d6 3. c3 Nf6 4. Be2 e5 5. O-O Bg4 6. d3 h6 7. Nbd2 Be7 8. h3 Be6
9. d4 cxd4 10. cxd4 exd4 11. Nxd4 Bd7 12. N2f3 Nxe4 13. Bd3 d5 14. Re1 Nc5 15.
Bc2 O-O 16. Nb3 Nc6 17. Nxc5 Bxc5 18. a3 Be6 19. b4 Bb6 20. Bb2 Qc7 21. Qd3 1-0

[Event "Challenge"]
[Site "http://www.queenalice.com/game.php?id=277915"]
[Date "2007.9.27"]
[Round "-"]
[White "Rjasinski"]
[Black "AG1"]
[Result "0-1"]
[WhiteElo "1746"]
[BlackElo "2000"]

1. e4 e5 2. Nf3 Nf6 3. Nxe5 d6 4. Nxf7 Kxf7 5. d4 Qe8 6. f3 d5 7. e5 c5 8. Be2
Nfd7 9. O-O cxd4 10. f4 Bc5 11. Kh1 Nb6 12. b4 Bxb4 13. Qxd4 Nc6 14. Qf2 h5 15.
Bb2 Bg4 16. Nc3 Rd8 17. Nb5 Qe7 18. f5 Nxe5 19. Nxa7 Bc5 20. Qf4 Bxe2 21. Rfe1
Nec4 0-1

[Event "Challenge"]
[Site "http://www.queenalice.com/game.php?id=278242"]
[Date "2007.9.28"]
[Round "-"]
[White "Magogue"]
[Black "Rjasinski"]
[Result "1-0"]
[WhiteElo "1861"]
[BlackElo "1697"]

1. e4 c5 2. Nf3 d6 3. d4 cxd4 4. Nxd4 Nf6 5. Nc3 g6 6. h3 Bg7 7. Nf3 O-O 8. Bc4
Nc6 9. O-O Bd7 10. Nd5 Na5 11. Nxf6+ Bxf6 12. Bd3 Bc6 13. Rb1 b5 14. Bd2 Nc4 15.
Bxc4 bxc4 16. Re1 Qb6 17. c3 Qb7 18. Qe2 Rac8 19. Bf4 e5 20. Bg3 h5 21. Bh4 Bxh4
22. Nxh4 1-0

[Event "Challenge"]
[Site "http://www.queenalice.com/game.php?id=278247"]
[Date "2007.9.28"]
[Round "-"]
[White "Marcelo_Araujo"]
[Black "Rjasinski"]
[Result "1-0"]
[WhiteElo "1750"]
[BlackElo "1723"]

1. Nf3 Nc6 2. g3 e5 3. d3 Nd4 4. Nxd4 exd4 5. c3 dxc3 6. Nxc3 Nf6 7. Bg2 c6 8.
O-O d5 9. Re1 Bg4 10. Qb3 Qd7 11. Bg5 O-O-O 12. Qc2 Bh3 13. Rad1 Bxg2 14. Kxg2
Be7 15. Bf4 Nh5 16. Be5 f6 17. Bd4 c5 18. Bxc5 Bxc5 19. Na4 Kb8 20. Nxc5 Qc6 21.
Rc1 Rc8 22. d4 Qd6 23. Qb3 Rc7 24. Rc2 Qe7 25. Na6+ 1-0

[Event "Challenge"]
[Site "http://www.queenalice.com/game.php?id=278248"]
[Date "2007.9.28"]
[Round "-"]
[White "technicaldraw"]
[Black "Rjasinski"]
[Result "0-1"]
[WhiteElo "1889"]
[BlackElo "1727"]

1. e4 c5 2. Nf3 d6 3. d4 cxd4 4. Nxd4 Nf6 5. Nc3 g6 6. f3 Bg7 7. Be3 Nc6 8. Qd2
O-O 9. O-O-O d5 10. exd5 Nxd5 11. Nxc6 bxc6 12. Nxd5 cxd5 13. Qxd5 Qc7 14. Qc5
Qb7 15. b3 Be6 16. Be2 Rac8 17. Qb5 Qc7 18. Bd3 Qc3 19. a4 Bxb3 0-1

[Event "Challenge"]
[Site "http://www.queenalice.com/game.php?id=278249"]
[Date "2007.9.28"]
[Round "-"]
[White "floyd_page"]
[Black "Rjasinski"]
[Result "1-0"]
[WhiteElo "1875"]
[BlackElo "1737"]

1. e4 c5 2. Nf3 d6 3. d4 cxd4 4. Nxd4 Nf6 5. Nc3 g6 6. Bc4 Bg7 7. O-O O-O 8. Be3
Ng4 9. h3 Nxe3 10. fxe3 Nc6 11. Qd2 Qc7 12. Nd5 Qd8 13. Rf2 e6 14. Nf4 e5 15.
Nxc6 bxc6 16. Ne2 Bb7 17. Raf1 Qe7 18. Rxf7 Rxf7 19. Rxf7 Qxf7 20. Bxf7+ Kxf7
21. Qxd6 1-0

[Event "Challenge"]
[Site "http://www.queenalice.com/game.php?id=278250"]
[Date "2007.9.28"]
[Round "-"]
[White "SandroChaves"]
[Black "Rjasinski"]
[Result "0-1"]
[WhiteElo "1648"]
[BlackElo "1688"]

1. e4 c5 2. Qf3 Nc6 3. Bc4 Ne5 4. Qc3 Nxc4 5. Qxc4 d6 6. Qb5+ Qd7 7. a4 Qxb5 8.
axb5 Nf6 9. Nc3 b6 10. Nd5 Nxd5 11. exd5 e6 12. c4 exd5 13. cxd5 Bb7 14. Nh3
Bxd5 15. Rb1 Bxg2 16. Rg1 Bxh3 17. Rg3 Bf5 18. Ra1 Be7 19. Rxg7 O-O-O 20. Rxf7
Bd3 0-1

[Event "Challenge"]
[Site "http://www.queenalice.com/game.php?id=282012"]
[Date "2007.10.6"]
[Round "-"]
[White "trallala"]
[Black "Rjasinski"]
[Result "1-0"]
[WhiteElo "2045"]
[BlackElo "1703"]

1. c3 e5 2. d4 exd4 3. cxd4 d5 4. Nc3 Bb4 5. a3 Ba5 6. Nf3 Bf5 7. g3 Nf6 8. Bg2
O-O 9. O-O Qc8 10. Bg5 Ne4 11. Nxd5 Nc6 12. Be3 Bh3 13. b4 Bxg2 14. Kxg2 Bb6 15.
b5 Qd7 16. Nxb6 axb6 17. bxc6 bxc6 18. Qc2 f5 19. Ne5 1-0